000 00521cam a22002171 4500
001 sa 67003644
003 DLC
005 20260227112339.0
008 900108s1966 ii 000 0 beno
010 _asa 67003644
035 _a(OCoLC)20860711
040 _aDLC
_cWaU
_dDLC
042 _apremarc
050 0 0 _aPK1718.M47
_bT5
100 1 _aMitra, Bimal,
_d1912-1991.
245 1 0 _aTina chaẏa naẏa.
260 _c[1966]
300 _a182 p.
_c23 cm.
500 _aIn Bengali.
650 0 _aBengali literature.
999 _c73952
_d73952